| 000 | 00764 a2200205 4500 | ||
|---|---|---|---|
| 020 | _a1580539076 | ||
| 020 | _a9781580539074 | ||
| 082 | _a621.382 | ||
| 090 |
_c1092 _d1092 |
||
| 100 | 1 | _aRusser, Peter. | |
| 245 | 1 | 0 |
_aElectromagnetics, microwave circuit, and antenna design for communications engineering, second edition / _cPeter Russer. |
| 250 | _a2nd ed. | ||
| 260 |
_a[S.l.] : _bArtech House, _c2006. |
||
| 300 |
_a729 p. ; _c24 cm. |
||
| 490 | 1 | _aArtech house antennas and propagation library. | |
| 700 | _aRusser, Peter. | ||
| 830 | 0 | _aArtech house antennas and propagation library. | |
| 942 |
_aSNS _cBK _k621.382 RUS |
||
| 999 |
_c29709 _d29709 |
||